000 00516nam a22001817a 4500
005 20240402152305.0
010 _aENG-140011
020 _a9788194181934
_c250.00
035 _aEN-123543
037 _bDBAD/PUB
100 _aMulimani,Mallikarjun.B
_964204
245 _aAprroching Death/
_cMallikaarjun B. Mulimani
260 _akolkata
_bWrite Workshop
270 _aC-532,Lake Garden
_bKolkata
_e700045
300 _a78pg;
_c22cm(Pb)
700 _aMulimani,Mallikarjun.B
_964171
942 _2ddc
_cEN
_hS
_mMUL
999 _c201893
_d201893